| 000 | 01485nam a22003857a 4500 | ||
|---|---|---|---|
| 003 | CHAP | ||
| 005 | 20220329133149.0 | ||
| 008 | 971013s1991 r 00010 d | ||
| 010 | _a2880 | ||
| 011 | _a3852 | ||
| 035 | _a3053 | ||
| 040 | _cCHAP | ||
| 090 | _aTesis | ||
| 100 | 0 | 0 |
_aAguilera Pena, Maria Martha. _92924 |
| 245 | _aValidación semicomercial de polvos vegetales y minerales para el combate de sitophilus zeamais motsch, protephanus truncatus (HORN) y Rhyzopertha dominica (FABR.) en el sur y sureste de México | ||
| 260 |
_aMontecillo, Méx. : _bEl autor, _c1991 |
||
| 300 |
_a138 h. _b: ilus |
||
| 500 | _aD47-172 | ||
| 502 | _aTesis (M.C. Esp. en Entomología y Acarología) -- C.P. Centro de Entomología y Acarología | ||
| 590 |
_aALEPH _b10 _c20130110 _lUCH01 _h1214 |
||
| 590 |
_aBATCH-UPD _b10 _c20130110 _lUCH01 _h1630 |
||
| 590 |
_aBATCH-UPD _b10 _c20130410 _lUCH01 _h1023 |
||
| 590 |
_aBATCH-UPD _b10 _c20130914 _lUCH01 _h0912 |
||
| 590 |
_aCONVERSION _b10 _c20130109 _lUCH01 _h1303 |
||
| 650 | 1 | 4 |
_aCereales _xAlmacenamiento _xPlagas. _921378 |
| 650 | 1 | 4 |
_aInsecticidas. _958855 |
| 650 | 1 | 4 |
_aProstephanus truncatus. _992436 |
| 650 | 1 | 4 |
_aRhyzopertha dominicana. _997177 |
| 650 | 1 | 4 |
_aSitophilus zeamais. _9106790 |
| 710 | 0 |
_aColegio de Postgraduados. Chapingo, Méx. Centro de Entomología y Acarología. _925077 |
|
| 901 | _aBK | ||
| 942 | _cFOLL | ||
| 949 |
_bBC _cTES _d-12561 _eTS1 _h24645 _i3053 _si |
||
| 949 |
_bBC _cTES _d-74861 _eTS2 _fc.2 _h24646 _i3053 _si |
||
| 999 |
_c2880 _d2880 |
||